000 00627nam a2200229Ia 4500
003 OSt
005 20220928144611.0
006 a|||||r|||| 00| 0
007 ta
008 220927b |||||||| |||| 00| 0 eng d
024 _a72477
037 _cTextual
040 _aSDCL
_cSDCL
_beng
041 _2eng
_aeng
082 _aX:8:(B283)k, L7 RR
100 _aCarlsen Robert D
_9508679
245 0 _aEncyclopedia of business charts.
260 _c1977
700 _a Vest Donald L
_9508680
942 _hX:8:(B283)k, L7 RR
_cTEXL
_2CC
999 _c828466
_d828466